|
|
|
|
| LEADER |
01323nam a2200373 a 4500 |
| 001 |
000058629 |
| 003 |
CZ BrMZK |
| 005 |
20231211100255.0 |
| 007 |
ta |
| 008 |
950313s1996 xr f cze d |
| 015 |
|
|
|a cnb000116772
|
| 020 |
|
|
|a 80-85764-15-6
|
| 040 |
|
|
|a BOA001
|b cze
|
| 041 |
1 |
|
|a cze
|h fre
|
| 072 |
|
7 |
|a 821.133.1-3
|x Francouzská próza, francouzsky psaná
|2 Konspekt
|9 25
|
| 080 |
|
|
|a 821.133.1-31
|2 MRF
|
| 080 |
|
|
|a (0:82-31)
|2 MRF
|
| 100 |
1 |
|
|a Echenoz, Jean,
|d 1947-
|7 xx0005345
|4 aut
|
| 245 |
1 |
0 |
|a Cherokee /
|c Jean Echenoz ; z [francouzštiny] přeložila Jovanka Šotolová
|
| 250 |
|
|
|a Vyd. 1.
|
| 260 |
|
|
|a Praha :
|b EWA,
|c 1996
|
| 300 |
|
|
|a 189 s. ;
|c 20 cm
|
| 490 |
1 |
|
|a Passage ;
|v sv. 2
|
| 655 |
|
7 |
|a francouzské romány
|7 fd132289
|2 czenas
|
| 700 |
1 |
|
|a Šotolová, Jovanka,
|d 1961-
|7 jo2003170248
|4 trl
|
| 765 |
0 |
|
|t Cherokee
|
| 830 |
|
0 |
|a Passage
|
| 910 |
|
|
|a BOA001
|b 2-1016.617
|b PK-0132.428
|
| 920 |
|
|
|a 000438254
|
| 990 |
|
|
|a BK
|
| 991 |
|
|
|f B-ECH
|
| 996 |
7 |
|
|b 2610031715
|c 2-1016.617
|l MZK
|r Sklad / do 1 hodiny
|n 20
|p p.v.
|w 000058629
|u 000010
|a 1
|e BOA001
|j MZK50
|s A
|
| 996 |
6 |
|
|b 2610031716
|c 2-1016.617
|l MZK
|r Sklad / do 1 hodiny
|n 1
|p kup
|w 000058629
|u 000020
|a 1
|e BOA001
|j MZK50
|s P
|
| 996 |
7 |
|
|b 3119017671
|c PK-0132.428
|l MZK
|r Sklad / do 1 hodiny
|n 16
|p dar
|w 000058629
|u 000030
|a 1
|e BOA001
|j MZK50
|s A
|